| 000 | 00471nam a22001817a 4500 | ||
|---|---|---|---|
| 005 | 20250219143932.0 | ||
| 008 | 160122b2003 xxu||||| |||| 00| 0 spa d | ||
| 041 |
_aESP _aPOR |
||
| 082 | _aR 469.361 D545d | ||
| 245 | _aDiccionario pocket español-portugués - português-espanhol | ||
| 260 |
_aMéxico _bLarouse _c2003 |
||
| 300 | _a376 páginas | ||
| 650 | _aESPAÑOL | ||
| 650 | _aPORTUGUÉS | ||
| 650 | _aDICCIONARIOS | ||
| 650 | _aENSEÑANZA | ||
| 942 |
_cREF _2ddc |
||
| 999 |
_c7479 _d7479 |
||